[Event "World Rapid Women 2018"]
[Site "St Petersburg RUS"]
[Date "2018.12.28"]
[Round "12.41"]
[White "Injac, Teodora"]
[Black "Nakhbayeva, Guliskhan"]
[Result "0-1"]
[WhiteTitle "WIM"]
[BlackTitle "IM"]
[WhiteElo "2325"]
[BlackElo "2371"]
[WhiteFideId "932400"]
[BlackFideId "13704788"]
[EventDate "2018.12.26"]

1. Nf3 Nf6 2. c4 e6 3. g3 d5 4. b3 c5 5. Bg2 Nc6 6. O-O d4 7. e3 Bd6 8. exd4
cxd4 9. d3 O-O 10. Na3 e5 11. Nc2 Re8 12. a3 a5 13. Rb1 Bg4 14. h3 Bh5 15. g4
Bg6 16. Nh4 Ne4 17. dxe4 Qxh4 18. Qd3 h5 19. f3 Nd8 20. Bd2 Ne6 21. b4 axb4 22.
axb4 b6 23. Ra1 Be7 24. Kh2 Bg5 25. Be1 Bf4+ 26. Kh1 Bg3 27. f4 Bxe1 28. Rxa8
Rxa8 29. f5 Bg3 30. fxe6 hxg4 31. exf7+ Bxf7 32. Rf5 gxh3 33. Bf1 Bg6 34. Qf3
Bxf5 35. exf5 e4 0-1

[Event "World Rapid Women 2018"]
[Site "St Petersburg RUS"]
[Date "2018.12.28"]
[Round "12.42"]
[White "Yurasova, Daria"]
[Black "Khomeriki, Nino"]
[Result "0-1"]
[BlackTitle "WIM"]
[WhiteElo "2190"]
[BlackElo "2347"]
[WhiteFideId "34146919"]
[BlackFideId "13603191"]
[EventDate "2018.12.26"]

1. d4 Nf6 2. Nf3 d5 3. g3 Nbd7 4. Bg2 b5 5. O-O e6 6. a4 b4 7. c3 a5 8. cxb4
Bxb4 9. Nc3 O-O 10. Bg5 h6 11. Bf4 c5 12. Nb5 c4 13. Bc7 Qe7 14. Ne1 Ba6 15. Nc2
Bxb5 16. axb5 Nc5 17. Nxb4 Qxc7 18. dxc5 axb4 19. c6 Qb6 20. b3 Rxa1 21. Qxa1
Qxb5 22. bxc4 dxc4 23. Rc1 c3 24. Qb1 Qc4 25. c7 Nd5 26. Be4 b3 27. Bd3 Qb4 28.
e4 Nxc7 29. Bc2 Rb8 0-1

[Event "World Rapid Women 2018"]
[Site "St Petersburg RUS"]
[Date "2018.12.28"]
[Round "12.43"]
[White "Nazarova, Anastasia"]
[Black "Maltsevskaya, Aleksandra"]
[Result "0-1"]
[WhiteTitle "WFM"]
[BlackTitle "WGM"]
[WhiteElo "2157"]
[BlackElo "2243"]
[WhiteFideId "34101737"]
[BlackFideId "24174041"]
[EventDate "2018.12.26"]

1. e4 c6 2. d4 d5 3. exd5 cxd5 4. Bd3 Nc6 5. c3 Qc7 6. Ne2 Bg4 7. O-O e6 8. Qe1
Bxe2 9. Qxe2 Bd6 10. h3 Nge7 11. Nd2 Ng6 12. Nf3 O-O 13. Ng5 Nce7 14. Qh5 h6 15.
Nxe6 fxe6 16. Bxg6 Nxg6 17. Qxg6 Rf6 18. Qg4 Raf8 19. Be3 Qf7 20. Rae1 Rg6 21.
Qe2 Qf5 22. Kh1 Rff6 23. g4 Qf3+ 24. Qxf3 Rxf3 25. Kg2 Rf8 26. Bd2 Rgf6 27. h4
Kf7 28. f4 b5 29. g5 Rf5 30. h5 Ke7 31. a4 bxa4 32. Ra1 a5 33. Rxa4 hxg5 34.
Rxa5 gxf4 35. Ra7+ Kf6 36. Rg1 Rxh5 37. Kf1 g5 38. Be1 Kf5 39. Rd7 Bb8 40. Rg7
f3 41. Bd2 Bf4 42. Bxf4 Kxf4 43. Rg6 Kf5 44. Rg7 Kf6 45. Ra7 Rh2 46. Rg3 Kg6 47.
Ra6 f2 48. Rxe6+ Kh5 0-1

[Event "World Rapid Women 2018"]
[Site "St Petersburg RUS"]
[Date "2018.12.28"]
[Round "12.44"]
[White "Mamedjarova, Zeinab"]
[Black "Shafigullina, Zarina"]
[Result "1-0"]
[WhiteTitle "WGM"]
[BlackTitle "WFM"]
[WhiteElo "2338"]
[BlackElo "2140"]
[WhiteFideId "13401521"]
[BlackFideId "24174220"]
[EventDate "2018.12.26"]

1. d4 Nf6 2. Nf3 e6 3. e3 c5 4. Bd3 b6 5. O-O Bb7 6. Nbd2 cxd4 7. exd4 Bd6 8.
Re1 O-O 9. Nf1 Nd5 10. c4 Nf4 11. Be4 Bxe4 12. Rxe4 Ng6 13. Ng3 Nc6 14. b3 Nce7
15. Bb2 f5 16. Re1 Bb4 17. Rf1 d5 18. c5 bxc5 19. a3 Ba5 20. dxc5 Bc7 21. Re1
Nf4 22. Ng5 e5 23. Bxe5 Bxe5 24. Rxe5 Nc6 25. Re6 Rc8 26. h4 Nxe6 27. Nxe6 Qf6
28. Nxf8 Kxf8 29. Rc1 d4 30. b4 Ne5 31. Qd2 d3 32. Qf4 g6 33. Re1 Ng4 34. f3 Qc3
35. Qd6+ Kg8 36. Rd1 Re8 37. Qd5+ Kg7 38. fxg4 Re1+ 39. Rxe1 Qxe1+ 40. Nf1 fxg4
41. Qd4+ Kh6 42. Qe3+ 1-0

[Event "World Rapid Women 2018"]
[Site "St Petersburg RUS"]
[Date "2018.12.28"]
[Round "12.45"]
[White "Skripchenko, Almira"]
[Black "Shaydullina, Sandugach"]
[Result "1-0"]
[WhiteTitle "IM"]
[BlackTitle "WGM"]
[WhiteElo "2408"]
[BlackElo "2033"]
[WhiteFideId "13900145"]
[BlackFideId "4140389"]
[EventDate "2018.12.26"]

1. e4 c5 2. Nf3 d6 3. c3 Nf6 4. h3 b6 5. Bd3 Bb7 6. Qe2 Nbd7 7. Bc2 e6 8. d4
cxd4 9. cxd4 Be7 10. Nc3 O-O 11. O-O a6 12. a4 Rc8 13. Bd2 Rc7 14. Rac1 Qb8 15.
e5 Bxf3 16. gxf3 dxe5 17. dxe5 Nh5 18. f4 g6 19. Qxa6 Kh8 20. Qe2 Rg8 21. Nb5
Rcc8 22. Be3 Nc5 23. Rcd1 f6 24. Nd6 Rcf8 25. a5 fxe5 26. fxe5 Nf4 27. Qf3 Nd5
28. Qg3 Nd7 29. Bh6 Bxd6 30. exd6 Rf7 31. Rfe1 bxa5 32. Rxe6 N5f6 33. Bb3 Nc5
34. Rxf6 Rxf6 35. Bxg8 Kxg8 36. d7 Qd8 37. Bg5 Ne4 38. Bxf6 Nxf6 39. Qd6 Kf7 40.
Rc1 Qxd7 41. Rc7 Ke8 42. Rxd7 Nxd7 43. Qe6+ Kd8 44. Qg8+ Kc7 45. Qxh7 a4 46.
Qxg6 Nc5 47. h4 Kd7 48. h5 Ne6 49. h6 1-0

[Event "World Rapid Women 2018"]
[Site "St Petersburg RUS"]
[Date "2018.12.28"]
[Round "12.46"]
[White "Bezgodova, Svetlana"]
[Black "Nomin-Erdene, Davaademberel"]
[Result "1-0"]
[WhiteTitle "WIM"]
[BlackTitle "IM"]
[WhiteElo "2046"]
[BlackElo "2376"]
[WhiteFideId "4110650"]
[BlackFideId "4900782"]
[EventDate "2018.12.26"]

1. Nf3 f5 2. g3 Nf6 3. Bg2 g6 4. O-O d6 5. d4 Bg7 6. c4 O-O 7. Nc3 c6 8. d5 e5
9. dxe6 Bxe6 10. b3 Ne4 11. Nxe4 Bxa1 12. Qxd6 Qxd6 13. Nxd6 b6 14. Bg5 Bf6 15.
Bxf6 Rxf6 16. Ne8 Rf7 17. Ng5 Na6 18. Bxc6 Rc8 19. Bb5 Re7 20. Nf6+ Kg7 21.
Nxe6+ Rxe6 22. Bxa6 Rd8 23. Nd5 Rxe2 24. a4 Rde8 25. Kg2 Rd2 26. h4 h6 27. Bb5
Re5 28. b4 Rb2 29. Nf4 Re4 30. Rd1 g5 31. hxg5 hxg5 32. Rd7+ Kh6 33. Rd6+ Kh7
34. Bd7 Rxc4 35. Bxf5+ Kh8 36. Nh5 1-0

[Event "World Rapid Women 2018"]
[Site "St Petersburg RUS"]
[Date "2018.12.28"]
[Round "12.47"]
[White "Garifullina, Leya"]
[Black "Murashova, Ekaterina"]
[Result "0-1"]
[WhiteTitle "WCM"]
[BlackTitle "WIM"]
[WhiteElo "2132"]
[BlackElo "2259"]
[WhiteFideId "34127035"]
[BlackFideId "4171985"]
[EventDate "2018.12.26"]

1. e4 c5 2. Nf3 e6 3. d4 cxd4 4. Nxd4 Nc6 5. Nxc6 bxc6 6. Bd3 d5 7. O-O Nf6 8.
Nd2 Be7 9. Qe2 O-O 10. c4 a5 11. e5 Nd7 12. Nf3 Ba6 13. b3 a4 14. Bb2 Rb8 15.
Nd2 Nc5 16. Ba3 Nxd3 17. Bxe7 Qxe7 18. Qxd3 Rfd8 19. Qc3 c5 20. Rfe1 d4 21. Qg3
Bb7 22. f4 axb3 23. axb3 Ra8 24. Reb1 Rxa1 25. Rxa1 Ra8 26. Rxa8+ Bxa8 27. Qg5
Qd7 28. Qg3 Qb7 29. h3 h6 30. Kh2 Qb4 31. Qf2 Qc3 32. Kg1 Bc6 33. Kh2 Qe3 34.
Kg1 Qd3 35. Kh2 Qc2 36. Qe2 g6 37. Qf2 Kh7 38. Qe2 Qf5 39. g3 Qc2 40. Qe1 Qc3
41. Kg1 Kg7 42. h4 h5 43. Kf2 Qd3 44. Qe2 Qc2 45. Qe1 Qf5 46. Qf1 Kh7 47. Qe1
Qc2 48. Qe2 Qf5 49. Qe1 Qh3 50. Qg1 Kg7 51. Ke1 Kf8 52. Kf2 Ke7 53. Ke1 Qg4 54.
Qf2 Qf5 55. Kd1 Qd3 56. Ke1 Kd7 57. Kd1 Kc7 58. Qe1 Bf3+ 59. Kc1 Bc6 60. Kd1 Qc3
61. Ke2 Kb6 62. Kf1 Ka5 63. Kf2 Kb4 64. Qe2 Qc1 65. Qd3 Qh1 66. Ke2 Qg1 67. Nf1
Qg2+ 68. Ke1 Qe4+ 69. Kd2 Qxd3+ 70. Kxd3 Kxb3 71. Nd2+ Kb4 72. Kc2 Bb7 73. Kc1
Kc3 74. Kd1 Bc6 75. Kc1 Kd3 76. Kd1 Ke3 77. Ke1 Ba4 78. Nf1+ Kf3 79. Nd2+ Kxg3
80. Ne4+ Kxf4 81. Nxc5 Bc6 82. Nd3+ Ke3 83. Nb4 Ba4 84. c5 d3 85. Nxd3 Kxd3 86.
Kf2 Ke4 87. Ke2 Kxe5 88. Kd3 Kd5 89. Ke3 e5 90. Kf3 f5 91. Ke3 Kxc5 0-1

[Event "World Rapid Women 2018"]
[Site "St Petersburg RUS"]
[Date "2018.12.28"]
[Round "12.48"]
[White "Goltseva, Ekaterina"]
[Black "Geller, Anastasiya"]
[Result "0-1"]
[WhiteTitle "WFM"]
[BlackTitle "WFM"]
[WhiteElo "2153"]
[BlackElo "2187"]
[WhiteFideId "24173770"]
[BlackFideId "24119059"]
[EventDate "2018.12.26"]

1. d4 d5 2. c4 e6 3. Nf3 c6 4. e3 Nf6 5. b3 Be7 6. Bb2 O-O 7. Bd3 Ne4 8. O-O Nd7
9. Nc3 f5 10. Qe2 Bd6 11. a3 Rf6 12. Na4 Rh6 13. Ne5 Qh4 14. h3 Ng5 15. f4 Nxh3+
16. gxh3 Bxe5 17. Rf3 Bd6 18. Qf2 Rg6+ 19. Kf1 Qh6 20. cxd5 cxd5 21. Ke2 Nf6 22.
b4 Ne4 23. Bxe4 fxe4 24. Rg3 Qh5+ 25. Kd2 Rxg3 26. Qxg3 Qe8 27. Nc3 Bd7 28. Rg1
Bf8 29. f5 Qf7 30. Qe5 Qxf5 31. Qxf5 exf5 32. Nxd5 Kf7 33. Nf4 Rc8 34. h4 Ba4
35. Bc3 Bd6 36. d5 g6 37. Ne6 Be7 38. h5 Bf6 39. hxg6+ hxg6 40. Bxf6 Kxf6 41.
Nc5 Bb5 42. Nxb7 Rc7 43. Nc5 Rh7 44. a4 Be8 45. Kc3 Ke5 46. Rd1 Rh3 47. d6 Rxe3+
48. Kc4 g5 49. Rd5+ Kf4 50. Ne6+ Kg4 51. Ng7 Bf7 52. d7 Bxd5+ 53. Kc5 Rc3+ 54.
Kxd5 Rd3+ 55. Kc6 e3 56. Ne8 Rxd7 57. Kxd7 e2 0-1

[Event "World Rapid Women 2018"]
[Site "St Petersburg RUS"]
[Date "2018.12.28"]
[Round "12.49"]
[White "Stetsko, Lanita"]
[Black "Doan, Thi Van Anh"]
[Result "1-0"]
[WhiteTitle "FM"]
[BlackTitle "WFM"]
[WhiteElo "2194"]
[BlackElo "1950"]
[WhiteFideId "13505300"]
[BlackFideId "12400491"]
[EventDate "2018.12.26"]

1. e4 c6 2. d4 d5 3. Nd2 dxe4 4. Nxe4 Nf6 5. Nxf6+ exf6 6. c3 Bd6 7. Bd3 O-O 8.
Ne2 Na6 9. Qc2 g6 10. h4 f5 11. Bg5 Be7 12. Bh6 Re8 13. h5 Bg5 14. hxg6 hxg6 15.
f4 Bxh6 16. Rxh6 Kg7 17. Rh1 Qd5 18. O-O-O Qxa2 19. g4 Be6 20. gxf5 Bb3 21. Qd2
Qa1+ 22. Bb1 Bd5 23. Ng3 Bxh1 24. Rxh1 Qa5 25. fxg6 fxg6 26. Qd3 Re6 27. f5 Rf6
28. Qe3 Raf8 29. fxg6 Rxg6 30. Bxg6 Kxg6 31. Qh6+ Kf7 32. Rf1+ 1-0

[Event "World Rapid Women 2018"]
[Site "St Petersburg RUS"]
[Date "2018.12.28"]
[Round "12.50"]
[White "Smirnova, Ekaterina"]
[Black "Lysenko, Margarita"]
[Result "0-1"]
[WhiteTitle "WFM"]
[BlackTitle "WFM"]
[WhiteElo "2192"]
[BlackElo "2190"]
[WhiteFideId "4110943"]
[BlackFideId "34100200"]
[EventDate "2018.12.26"]

1. d4 Nf6 2. c4 g6 3. Nc3 Bg7 4. e4 O-O 5. Be2 d6 6. Bg5 Na6 7. f4 c6 8. Bf3 Qb6
9. Qd2 e5 10. c5 Qa5 11. cxd6 exd4 12. Nce2 Nb4 13. Kf1 d3 14. Ng3 Qb6 15. e5
Ng4 16. Bxg4 Bxg4 17. h3 Be6 18. Qf2 Nc2 19. Rc1 Qxb2 20. Qd2 Bd5 21. Nf3 f6 22.
exf6 Bxf6 23. Bxf6 Rxf6 24. Kg1 Bxf3 25. gxf3 Qd4+ 26. Kh2 Rxf4 27. d7 Rd8 28.
Rhf1 Rxd7 29. Ne4 Rff7 30. Qg5 Ne3 31. Rf2 Nf5 32. Rd1 Qe5+ 33. Kg1 Qe7 34. Qd2
Nd4 35. Qe3 Nf5 36. Qd2 c5 37. Qc3 Nd4 38. Rxd3 b6 39. Qc4 Qe5 40. a4 Qd5 41.
Qa6 Ne2+ 42. Rxe2 Qxd3 43. Qc8+ Rd8 44. Qe6 Qxf3 45. Re1 Qf5 46. Qc4 Qd5 47. Qe2
Rdf8 48. Rd1 Qf5 49. Qc4 Qf3 50. Qd5 Qf5 51. Qc4 Qxh3 52. Nd6 Qg3+ 53. Kh1 Qf3+
54. Kh2 Qf4+ 0-1

[Event "World Rapid Women 2018"]
[Site "St Petersburg RUS"]
[Date "2018.12.28"]
[Round "12.51"]
[White "Gvanceladze, Anna"]
[Black "Arutyunova, Diana"]
[Result "1-0"]
[WhiteTitle "WFM"]
[BlackTitle "WGM"]
[WhiteElo "2264"]
[BlackElo "2227"]
[WhiteFideId "4113721"]
[BlackFideId "14107244"]
[EventDate "2018.12.26"]

1. e4 d6 2. d4 Nf6 3. Nd2 e5 4. Ngf3 Nbd7 5. Bd3 g6 6. O-O Bg7 7. dxe5 dxe5 8.
b3 O-O 9. Bb2 Nh5 10. Re1 Qe7 11. a4 Rd8 12. Bf1 Nc5 13. Qc1 Bh6 14. Bc3 Nf4 15.
Bxe5 Nh3+ 16. gxh3 Bxd2 17. Nxd2 Qxe5 18. Nc4 Qh5 19. Qe3 Ne6 20. Be2 Qg5+ 21.
Qg3 Qxg3+ 22. hxg3 Nd4 23. Bd1 Bxh3 24. c3 Ne6 25. Kh2 Rxd1 26. Rexd1 Bg4 27.
Rd5 c6 28. Rd2 Nc5 29. Rb2 Nxe4 30. Ne5 Be6 31. c4 Rd8 32. Re1 Nc5 33. Re3 Rd1
34. Kg2 Bf5 35. g4 Be6 36. g5 Kg7 37. f3 Bf5 38. a5 Ne6 39. a6 bxa6 40. Nxc6
Nxg5 41. Re7 Bh3+ 42. Kh2 Be6 43. Rxa7 Nxf3+ 44. Kg3 Nd2 45. Nd8 Ne4+ 46. Kf4
Nc5 47. Nxe6+ Nxe6+ 48. Ke3 Rd6 49. b4 Rc6 50. c5 Nc7 51. Rd2 Re6+ 52. Kf4 Nb5
53. Rb7 Rf6+ 54. Kg3 h5 55. Rb6 g5 56. Rxf6 Kxf6 57. Rd8 Ke7 58. Rg8 f6 59. Rh8
h4+ 60. Kg4 Ke6 61. Re8+ Kd5 62. Ra8 Nc7 63. Rc8 Kc6 64. Rb8 Nd5 65. Kf5 Kc7 66.
Rf8 Nxb4 67. Rxf6 Nd5 68. Rxa6 Nc3 69. Rh6 Na4 70. c6 Nb6 71. Ke5 h3 72. Kd4 g4
73. Kc5 Na4+ 74. Kb4 Nb2 75. Kb5 Nd3 76. Rh7+ Kd8 77. c7+ Kc8 78. Kb6 1-0

[Event "World Rapid Women 2018"]
[Site "St Petersburg RUS"]
[Date "2018.12.28"]
[Round "12.52"]
[White "Bogumil, Tatiana"]
[Black "Sukhareva, Evgeniya"]
[Result "0-1"]
[WhiteTitle "WGM"]
[WhiteElo "2114"]
[BlackElo "2126"]
[WhiteFideId "4110579"]
[BlackFideId "4167155"]
[EventDate "2018.12.26"]

1. Nf3 Nf6 2. c4 e6 3. b3 b6 4. g3 Bb7 5. Bg2 c5 6. Bb2 d6 7. d4 cxd4 8. Qxd4
Be7 9. O-O Qc7 10. Nc3 a6 11. Rac1 Nbd7 12. e4 O-O 13. h3 Rfd8 14. Qe3 Rac8 15.
g4 Ne5 16. Nd4 Qb8 17. f4 Nc6 18. Nce2 Re8 19. g5 Nd7 20. Nf3 Bf8 21. Kh2 b5 22.
Ng3 Qa8 23. Rfd1 Nc5 24. cxb5 axb5 25. a3 b4 26. a4 Na5 27. Nd2 d5 28. Bd4 Nxe4
29. Ndxe4 dxe4 30. Nxe4 Bd5 31. Rb1 Rc2 32. Rb2 Rec8 33. Rd2 Rxd2 34. Rxd2 Nxb3
35. Rb2 Nxd4 36. Qxd4 b3 37. Nd2 Bxg2 0-1

[Event "World Rapid Women 2018"]
[Site "St Petersburg RUS"]
[Date "2018.12.28"]
[Round "12.53"]
[White "Afonasieva, Anna"]
[Black "Loskutova, Viktoriya"]
[Result "1-0"]
[WhiteTitle "WFM"]
[BlackTitle "WFM"]
[WhiteElo "2207"]
[BlackElo "2105"]
[WhiteFideId "24173606"]
[BlackFideId "34166278"]
[EventDate "2018.12.26"]

1. d4 d5 2. Nf3 Nf6 3. c4 e6 4. Nc3 Bb4 5. e3 O-O 6. Bd3 c5 7. O-O dxc4 8. Bxc4
cxd4 9. exd4 Nc6 10. a3 Bd6 11. Bg5 h6 12. Bh4 Be7 13. Rc1 b6 14. Bxf6 Bxf6 15.
d5 Na5 16. Ba2 exd5 17. Bxd5 Bb7 18. b4 Bxc3 19. Bxb7 Nxb7 20. Rxc3 Rc8 21. Rd3
Qf6 22. Qa4 a5 23. Rd7 Rb8 24. h3 axb4 25. axb4 Qf4 26. Rd4 Qc7 27. Rfd1 Rfd8
28. Rd7 Rxd7 29. Rxd7 Qc1+ 30. Rd1 Qc7 31. Re1 Nd6 32. Nd4 Qc3 33. Rd1 Rc8 34.
Qd7 Qc7 35. Qg4 Qe7 36. b5 Rc5 37. Nc6 Qf6 38. Qd7 Nxb5 39. Ne7+ Kh7 40. Qe8 h5
41. h4 g6 42. Nd5 Qe6 43. Qd8 Nc3 44. Ne7 Qf6 45. Re1 Re5 46. Qg8+ Kh6 47. Qf8+
Kh7 48. Rxe5 Qxe5 49. Qg8+ Kh6 50. Qxf7 Qg7 51. Ng8+ Kh7 52. Nf6+ Kh6 53. Qe6
Qc7 54. Qe3+ Kg7 55. Ne8+ 1-0

[Event "World Rapid Women 2018"]
[Site "St Petersburg RUS"]
[Date "2018.12.28"]
[Round "12.54"]
[White "Strutinskaia, Galina"]
[Black "Alieva, Alexandra"]
[Result "1-0"]
[WhiteTitle "WGM"]
[BlackTitle "WFM"]
[WhiteElo "2201"]
[BlackElo "2102"]
[WhiteFideId "4108558"]
[BlackFideId "24133353"]
[EventDate "2018.12.26"]

1. d4 Nf6 2. c4 c5 3. d5 b5 4. cxb5 a6 5. bxa6 g6 6. Nc3 Bg7 7. g3 d6 8. Bg2 O-O
9. Nf3 Nxa6 10. O-O Bb7 11. Bf4 Nh5 12. Bg5 h6 13. Bd2 e6 14. dxe6 fxe6 15. Qc1
Kh7 16. Ng5+ hxg5 17. Bxb7 Ra7 18. Bxg5 Qb6 19. Bf3 Nf6 20. Rb1 d5 21. a3 c4 22.
Qf4 Nc7 23. Qh4+ Kg8 24. Be3 Qb7 25. Bxa7 Qxa7 26. Rfd1 Na6 27. Nb5 Qb6 28. a4
Nc5 29. Nc3 Nfe4 30. a5 Qa7 31. Bxe4 Bxc3 32. bxc3 Nxe4 33. Rb6 Rxf2 34. Qh3 Rf6
35. Rf1 Rxf1+ 36. Qxf1 Nxc3 37. Qf6 Na4 38. Qxg6+ Kh8 39. Qh6+ Kg8 40. Qxe6+ Kg7
41. Qf6+ Kh7 42. Qg6+ Kh8 43. Qe8+ 1-0

[Event "World Rapid Women 2018"]
[Site "St Petersburg RUS"]
[Date "2018.12.28"]
[Round "12.55"]
[White "Semenova, Elena1"]
[Black "Tsatsalashvili, Keti"]
[Result "1/2-1/2"]
[WhiteTitle "WIM"]
[BlackTitle "WGM"]
[WhiteElo "2260"]
[BlackElo "2303"]
[WhiteFideId "24125148"]
[BlackFideId "13603434"]
[EventDate "2018.12.26"]

1. e4 c5 2. Nf3 d6 3. Bb5+ Bd7 4. Bxd7+ Nxd7 5. O-O Ngf6 6. Qe2 g6 7. c4 e5 8.
Nc3 Bg7 9. Nb5 Nb6 10. a3 a6 11. Nc3 Nh5 12. d3 O-O 13. b4 Nf4 14. Qd1 Nd7 15.
Rb1 b6 16. bxc5 bxc5 17. Nd5 Nxd5 18. exd5 h6 19. Bd2 f5 20. Re1 g5 21. h3 Rf7
22. Nh2 Nf8 23. Qh5 Nh7 24. Qf3 f4 25. Qg4 Kh8 26. Qh5 Rfa7 27. Rb3 Qe8 28.
Qxe8+ Rxe8 29. Rb6 Bf8 30. h4 Nf6 31. hxg5 hxg5 32. Nf3 Nd7 33. Rc6 Nb8 34. Rb6
Nd7 35. Rc6 Be7 36. Nh2 Nb8 37. Rb6 Nd7 38. Rc6 Nb8 39. Rb6 Nd7 40. Rc6 Rb8 41.
Rc1 a5 42. Ng4 Kg7 43. f3 a4 44. Nf2 Nf6 45. Kf1 Rb3 46. Ra1 Kf7 47. Ke2 Ke8 48.
Nd1 Kd7 49. Nc3 1/2-1/2

[Event "World Rapid Women 2018"]
[Site "St Petersburg RUS"]
[Date "2018.12.28"]
[Round "12.56"]
[White "Iljushina, Olga"]
[Black "Charochkina, Daria"]
[Result "1/2-1/2"]
[WhiteTitle "WGM"]
[BlackTitle "IM"]
[WhiteElo "2259"]
[BlackElo "2344"]
[WhiteFideId "4152280"]
[BlackFideId "4180917"]
[EventDate "2018.12.26"]

1. d4 f5 2. c4 Nf6 3. g3 e6 4. Bg2 d5 5. Nd2 c6 6. Qc2 Bd6 7. Nh3 O-O 8. O-O b6
9. Nf3 Bb7 10. Bf4 h6 11. c5 bxc5 12. dxc5 Bxf4 13. Nxf4 Re8 14. Ne5 Nbd7 1/2-1/2

[Event "World Rapid Women 2018"]
[Site "St Petersburg RUS"]
[Date "2018.12.28"]
[Round "12.57"]
[White "Belova, Olga"]
[Black "Gevorgyan, Maria"]
[Result "0-1"]
[WhiteTitle "WFM"]
[BlackTitle "WIM"]
[WhiteElo "2069"]
[BlackElo "2228"]
[WhiteFideId "4138422"]
[BlackFideId "13300270"]
[EventDate "2018.12.26"]

1. e4 e5 2. Nf3 Nf6 3. Nc3 Nc6 4. d4 exd4 5. Nxd4 Bb4 6. Nxc6 bxc6 7. Bd3 d5 8.
exd5 cxd5 9. O-O O-O 10. h3 c6 11. Qf3 h6 12. Ne2 Bd6 13. c4 Re8 14. Bf4 Ne4 15.
Nd4 Qf6 16. Bxd6 Qxd4 17. Bf4 Qxb2 18. cxd5 cxd5 19. Rab1 Qxa2 20. Bb5 Re6 21.
Qd3 Ba6 22. f3 Bxb5 23. Rxb5 Nf6 24. Rb7 Re2 25. Qf5 Rxg2+ 26. Kh1 Re8 27. Rc1
Rg6 28. Qc2 Re1+ 29. Kh2 Re2+ 0-1

[Event "World Rapid Women 2018"]
[Site "St Petersburg RUS"]
[Date "2018.12.28"]
[Round "12.58"]
[White "Makarenko, Alexandra"]
[Black "Kirchei, Viktoriia"]
[Result "1-0"]
[WhiteTitle "WIM"]
[WhiteElo "2228"]
[BlackElo "1972"]
[WhiteFideId "4165055"]
[BlackFideId "34133396"]
[EventDate "2018.12.26"]

1. e4 c5 2. Nf3 Nc6 3. d4 cxd4 4. Nxd4 g6 5. c4 Bg7 6. Nc2 d6 7. Be2 Be6 8. O-O
Rc8 9. Ne3 Nd4 10. Nd5 Bxd5 11. exd5 Nxe2+ 12. Qxe2 Qc7 13. Na3 Nf6 14. Re1 O-O
15. Bg5 Rfe8 16. Rac1 a6 17. b3 Qa5 18. Nb1 Nd7 19. a3 Qb6 20. b4 a5 21. Be3 Qc7
22. Red1 b6 23. h3 axb4 24. axb4 Ne5 25. Na3 Qb7 26. Nb5 Ra8 27. Bd4 Ra4 28. f4
Bh6 29. fxe5 Bxc1 30. Rxc1 dxe5 31. Qxe5 f6 32. Qe6+ Kf8 33. Be3 g5 34. Bxg5 Kg7
35. Bxf6+ exf6 36. Qxe8 Ra2 37. Re1 Qa6 38. Qe7+ Kg6 39. Qe4+ Kg7 40. Qg4+ Kf7
41. Nd6+ Kf8 42. Re8# 1-0

[Event "World Rapid Women 2018"]
[Site "St Petersburg RUS"]
[Date "2018.12.28"]
[Round "12.59"]
[White "Tomashevskaya, Lidia"]
[Black "Aseeva, Marina"]
[Result "0-1"]
[WhiteTitle "WIM"]
[WhiteElo "2123"]
[BlackElo "2173"]
[WhiteFideId "4113110"]
[BlackFideId "4110544"]
[EventDate "2018.12.26"]

1. e4 e5 2. Nf3 Nc6 3. Bb5 a6 4. Ba4 Nf6 5. O-O Nxe4 6. d4 b5 7. Bb3 d5 8. dxe5
Be6 9. c3 Nc5 10. Bc2 Bg4 11. Re1 Qd7 12. h3 Bh5 13. Nbd2 d4 14. Ne4 Ne6 15. Ng3
Bg6 16. Bxg6 hxg6 17. cxd4 Ncxd4 18. Be3 c5 19. Rc1 Rd8 20. Bxd4 cxd4 21. Ne4
Be7 22. Qd3 Nf4 23. Qd2 Ne6 24. Rcd1 O-O 25. a3 Qc7 26. b4 a5 27. Qb2 axb4 28.
axb4 Qc4 29. Rb1 d3 30. Ned2 Qd5 31. Re4 Rc8 32. Rd1 Rfd8 33. Ne1 g5 34. g3 Rc4
35. Nxc4 Qxe4 36. Nd6 Bxd6 37. exd6 Rxd6 38. Qc3 d2 39. Nf3 Rd3 40. Nxd2 Qe2 0-1

[Event "World Rapid Women 2018"]
[Site "St Petersburg RUS"]
[Date "2018.12.28"]
[Round "12.60"]
[White "Bulatova, Kamaliya"]
[Black "Diakonova, Ekaterina"]
[Result "0-1"]
[WhiteTitle "WFM"]
[WhiteElo "2007"]
[BlackElo "2225"]
[WhiteFideId "34111546"]
[BlackFideId "24172936"]
[EventDate "2018.12.26"]

1. d4 Nf6 2. Bf4 b6 3. e3 Bb7 4. c3 e6 5. Nf3 Bd6 6. Bg3 Ne4 7. Nbd2 Bxg3 8.
hxg3 Nxd2 9. Nxd2 d5 10. Bd3 Nd7 11. Qe2 c5 12. O-O-O Nf6 13. g4 cxd4 14. exd4
Qd6 15. g5 Ne4 16. Bb5+ Ke7 17. Nxe4 dxe4 18. Qe3 a6 19. Be2 b5 20. f3 exf3 21.
Bxf3 Bxf3 22. gxf3 Qd5 23. Kb1 Qf5+ 24. Ka1 Rhd8 25. Qe4 Rd5 26. Rdg1 Rh8 27.
Qe3 Qc2 28. f4 a5 29. Rc1 Qf5 30. c4 bxc4 31. Qa3+ Kd7 32. Qa4+ Ke7 33. Qa3+ Kd7
34. Qa4+ Ke7 35. Qa3+ Kd7 36. Rxc4 Qxf4 37. Rhc1 Rd8 38. Qd3 Ke7 39. Rc7+ R8d7
40. Qa3+ Qd6 41. Rxd7+ Kxd7 42. Qc3 Ke7 43. Qc8 Qd8 44. Rc7+ Ke8 45. Qb7 Rd7 46.
Rxd7 Qxd7 47. Qa8+ Qd8 48. Qc6+ Kf8 49. Qc5+ Kg8 50. a3 h5 51. gxh6 gxh6 52. b4
axb4 53. axb4 h5 54. b5 h4 55. b6 h3 56. b7 h2 57. Qg5+ Qxg5 58. b8=Q+ Kg7 59.
Qxh2 Qc1+ 60. Ka2 Qc4+ 61. Kb1 Qxd4 62. Qg3+ Kf6 63. Qf3+ Kg6 64. Qg3+ Kf5 65.
Qh3+ Qg4 66. Qh7+ Qg6 67. Qh3+ Kf6+ 68. Ka2 Qc2+ 69. Ka1 Kg7 70. Qh4 e5 71. Qg3+
Qg6 72. Qc3 f6 73. Ka2 Qf7+ 74. Kb1 Qb7+ 75. Kc1 Qh1+ 76. Kb2 Qg2+ 77. Ka3 e4
78. Qc7+ Kg6 79. Qe7 Qf3+ 80. Ka2 e3 81. Qe8+ Kg5 82. Qg8+ Kf4 83. Qb8+ Kg4 84.
Qg8+ Kh3 85. Qh7+ Kg2 86. Kb1 e2 87. Qg7+ Kf1 0-1

[Event "World Rapid Women 2018"]
[Site "St Petersburg RUS"]
[Date "2018.12.28"]
[Round "12.61"]
[White "Kosteniuk, Oksana"]
[Black "Maroroa, Sue"]
[Result "0-1"]
[WhiteTitle "WFM"]
[BlackTitle "WIM"]
[WhiteElo "2096"]
[BlackElo "2120"]
[WhiteFideId "4187725"]
[BlackFideId "4301498"]
[EventDate "2018.12.26"]

1. Nf3 Nf6 2. g3 g6 3. Bg2 Bg7 4. d3 O-O 5. O-O d6 6. e4 c5 7. Nbd2 Nc6 8. c3 h6
9. Nc4 d5 10. exd5 Nxd5 11. Re1 Nf6 12. Be3 Bf5 13. Bxc5 Rc8 14. Nh4 Qxd3 15.
Bxc6 Qxc4 16. Bxe7 Qxc6 17. Nxf5 gxf5 18. Bxf8 Rxf8 19. Qd3 Ne4 20. f3 Ng5 21.
Kg2 f4 22. gxf4 Ne6 23. Kg3 Kh8 24. Re2 Rg8 25. Qf5 Bxc3+ 26. Kh3 Qxf3+ 27. Kh4
Qxe2 28. bxc3 Qxh2+ 29. Qh3 Qxf4+ 0-1